<?xml version="1.0" encoding="UTF-8"?>
<record
    xmlns:xsi="http://www.w3.org/2001/XMLSchema-instance"
    xsi:schemaLocation="http://www.loc.gov/MARC21/slim http://www.loc.gov/standards/marcxml/schema/MARC21slim.xsd"
    xmlns="http://www.loc.gov/MARC21/slim">

  <leader>01968nam a2200337 i 4500</leader>
  <controlfield tag="003">DO-SdBNP</controlfield>
  <controlfield tag="005">20231113104741.0</controlfield>
  <controlfield tag="007">ta</controlfield>
  <controlfield tag="008">150209s2006    dr ac  b      000 0 spa d</controlfield>
  <datafield tag="020" ind1=" " ind2=" ">
    <subfield code="a">9945426648</subfield>
  </datafield>
  <datafield tag="040" ind1=" " ind2=" ">
    <subfield code="a">DO-SdBNP</subfield>
    <subfield code="b">spa</subfield>
    <subfield code="c">BNPHU</subfield>
    <subfield code="e">rda</subfield>
  </datafield>
  <datafield tag="082" ind1=" " ind2=" ">
    <subfield code="2">22</subfield>
    <subfield code="b">P723</subfield>
  </datafield>
  <datafield tag="100" ind1="1" ind2=" ">
    <subfield code="a">Plaza Fonseca, Cristina</subfield>
    <subfield code="9">84622</subfield>
  </datafield>
  <datafield tag="245" ind1="1" ind2="0">
    <subfield code="a">Hablamos de Dios. :</subfield>
    <subfield code="b">gu&#xED;a did&#xE1;ctica, 6to. de educaci&#xF3;n b&#xE1;sica /</subfield>
    <subfield code="c">Cristina Plaza Fonseca, C&#xE9;sar Roll&#xE1;n S&#xE1;nchez : ilustraciones Mar&#xED;a del Mar Ferrero</subfield>
  </datafield>
  <datafield tag="264" ind1=" " ind2="1">
    <subfield code="a">Santo Domingo :</subfield>
    <subfield code="b">SM,</subfield>
    <subfield code="c">2006.</subfield>
  </datafield>
  <datafield tag="300" ind1=" " ind2=" ">
    <subfield code="a">159 p&#xE1;ginas</subfield>
    <subfield code="b">ilustraciones, retratos</subfield>
    <subfield code="c">28 cm.</subfield>
  </datafield>
  <datafield tag="336" ind1=" " ind2=" ">
    <subfield code="2">rdacontent</subfield>
    <subfield code="a">texto</subfield>
    <subfield code="b">txt</subfield>
  </datafield>
  <datafield tag="337" ind1=" " ind2=" ">
    <subfield code="2">rdamedia</subfield>
    <subfield code="a">sin mediaci&#xF3;n</subfield>
    <subfield code="b">n</subfield>
  </datafield>
  <datafield tag="338" ind1=" " ind2=" ">
    <subfield code="2">rdacarrier</subfield>
    <subfield code="a">volumen</subfield>
    <subfield code="b">nc</subfield>
  </datafield>
  <datafield tag="490" ind1="1" ind2=" ">
    <subfield code="a">Educaci&#xF3;n en valores</subfield>
  </datafield>
  <datafield tag="490" ind1="1" ind2=" ">
    <subfield code="a">Proyecto mundo abierto</subfield>
  </datafield>
  <datafield tag="500" ind1=" " ind2=" ">
    <subfield code="a">Educaci&#xF3;n b&#xE1;sica. </subfield>
  </datafield>
  <datafield tag="500" ind1=" " ind2=" ">
    <subfield code="a">Formaci&#xF3;n integral humana y religiosa. </subfield>
  </datafield>
  <datafield tag="505" ind1="0" ind2=" ">
    <subfield code="g">Proyecto y metodolog&#xED;a :</subfield>
    <subfield code="t">Nuestra propuesta --</subfield>
    <subfield code="t">Claves del proyecto Hablamos de Dios --</subfield>
    <subfield code="t">Objetivos generales y criterios de evaluaci&#xF3;n --</subfield>
    <subfield code="t">Los contenidos --</subfield>
    <subfield code="t">Programaci&#xF3;n --</subfield>
    <subfield code="t">Los materiales para el estudiante --</subfield>
    <subfield code="t">Los recursos para el maestro --</subfield>
    <subfield code="t">La unidad did&#xE1;ctica (estructura y proceso metodol&#xF3;gico) /</subfield>
    <subfield code="g">Las unidades did&#xE1;cticas :</subfield>
    <subfield code="g">Amar&#xE1;s a Dios sobre todas las cosas --</subfield>
    <subfield code="t">La vida comunitaria de los cristianos --</subfield>
    <subfield code="t">Los cristianos viven unidos a Dios  --</subfield>
    <subfield code="t">Las fiestas en la vida de los cristianos --</subfield>
    <subfield code="t">Los cristianos saben perdonar --</subfield>
    <subfield code="g">Amar&#xE1;s al pr&#xF3;jimo como a ti mismo --</subfield>
    <subfield code="t">Ser cristiano --</subfield>
    <subfield code="t">Cristianos en el mundo --</subfield>
    <subfield code="t">La convivencia social --</subfield>
    <subfield code="t">Vivir para los dem&#xE1;s --</subfield>
    <subfield code="g">Te amar&#xE1;s a ti mismo --</subfield>
    <subfield code="t">Una vida para hacer el bien --</subfield>
    <subfield code="t">La experiencia de crecer --</subfield>
    <subfield code="t">Mar&#xED;a, modelo para los cristianos --</subfield>
    <subfield code="t">Glosario /</subfield>
  </datafield>
  <datafield tag="521" ind1=" " ind2=" ">
    <subfield code="a">Estudiantes de primaria. </subfield>
  </datafield>
  <datafield tag="590" ind1=" " ind2=" ">
    <subfield code="a">Inventariado, 2023/ YL</subfield>
  </datafield>
  <datafield tag="700" ind1="1" ind2=" ">
    <subfield code="a">Roll&#xE1;n S&#xE1;nchez, C&#xE9;sar</subfield>
    <subfield code="e">autora</subfield>
    <subfield code="9">56467</subfield>
  </datafield>
  <datafield tag="700" ind1="1" ind2=" ">
    <subfield code="a">Mar ferrero, Mar&#xED;a del </subfield>
    <subfield code="9">73201</subfield>
    <subfield code="e">ilustraciones</subfield>
  </datafield>
  <datafield tag="910" ind1=" " ind2=" ">
    <subfield code="a">YLockward</subfield>
  </datafield>
  <datafield tag="942" ind1=" " ind2=" ">
    <subfield code="2">ddc</subfield>
    <subfield code="c">LBS1</subfield>
  </datafield>
  <datafield tag="952" ind1=" " ind2=" ">
    <subfield code="0">0</subfield>
    <subfield code="1">0</subfield>
    <subfield code="2">ddc</subfield>
    <subfield code="5">1</subfield>
    <subfield code="7">0</subfield>
    <subfield code="8">CIJ-PD</subfield>
    <subfield code="a">BNPHU</subfield>
    <subfield code="b">BNPHU</subfield>
    <subfield code="c">CT</subfield>
    <subfield code="d">2021-12-16</subfield>
    <subfield code="e">Colegio Nuestra Se&#xF1;ora de Lourdes</subfield>
    <subfield code="l">0</subfield>
    <subfield code="o">P723</subfield>
    <subfield code="p">2023-7769</subfield>
    <subfield code="r">2023-11-13</subfield>
    <subfield code="w">2023-11-13</subfield>
    <subfield code="y">LBS1</subfield>
  </datafield>
  <datafield tag="999" ind1=" " ind2=" ">
    <subfield code="c">55469</subfield>
    <subfield code="d">55469</subfield>
  </datafield>
</record>
